Country by Food - Statistics

General Stats
  • This quiz has been taken 61 times
    45 since last reset
  • The average score is 13 of 16
Answer Stats
Hint Answer % Correct
Sushi Japan
100%
Tacos Mexico
100%
Maple Syrup Canada
97%
Pizza Italy
97%
Croissant France
95%
Kimchi South Korea
95%
Fish and Chips UK
95%
Sausages Germany
92%
Dosa India
92%
Donuts USA
89%
Vegemite Australia
86%
Pho Vietnam
86%
Peking duck China
84%
Paella Spain
84%
Rice and Curry Sri Lanka
24%
Falafel UAE
16%
No matching quizzes found
Score Distribution
Percent of People with Each Score
Percentile by Number Answered
Your Score History
You have not taken this quiz since the last reset